| 000 | 00558nam a2200205 a 4500 | ||
|---|---|---|---|
| 001 | 5407 | ||
| 003 | CO-ViMGA | ||
| 008 | 141112s2004 ck r 000 u spa d | ||
| 040 |
_aCO-ViMGA _bspa _cCO-ViMGA |
||
| 082 | _aR796.3578 P373 | ||
| 100 | 1 | _aPerea, Rosero Tucidides | |
| 245 | 1 | 0 | _aReglamento de softbol |
| 250 | _a2a | ||
| 260 |
_aSantafé de Bogotá : _bPanAméricana, _c1994 |
||
| 300 | _a205 p : il | ||
| 490 | _aReglamentos deportivos, 12 | ||
| 590 | _aDatos de inventario : 05461 | ||
| 650 | 1 | 4 |
_aSOFTBOL - REGLAMENTOS _94024 |
| 942 |
_2ddc _cBK |
||
| 999 |
_c11352 _d11352 |
||